UK History Picture Quiz - T - Statistics

General Stats
  • This quiz has been taken 294 times
  • The average score is 13 of 15
Answer Stats
Picture Hint Answer % Correct
Beverage first sold in Britain in 1657 Tea
99%
Belfast built ship that hit an iceberg Titanic
99%
"The Iron Lady", PM from 1979 - 1990 Margaret {Thatcher}
98%
Egyptian Pharoah discovered by Howard carter in 1922 Tutankhamun
98%
London bascule bridge completed in 1894 {Tower} Bridge
96%
1805 battle that saw the death of Nelson Trafalgar
94%
Addictive plant first smoked in Britain in 16th century Tobacco
93%
Material associated with Scotland since at least 3rd century Tartan
91%
Author of Lord of the Rings born 1892 JRR {Tolkien}
90%
Metal mined in Cornwall since around 2000BC Tin
90%
Childrens TV series popular around the world first broadcast in 1997 Teletubbies
89%
Name for the violence in Northern Ireland The {Troubles}
89%
Scientist known as "Father of Theoretical Computer Science" Alan {Turing}
87%
Victorian era parlour game invented in 1888 Tiddlywinks
70%
Cornish castle, legendary home to King Arthur {Tintagel} Castle
50%
No matching quizzes found
Score Distribution
Percent of People with Each Score
Percentile by Number Answered
Your Score History
You have not taken this quiz